000 01482nam a22002057a 4500
999 _c184789
_d184789
005 20220913115925.0
010 _aB-742242 HIN-21-22
020 _a9789387632028
_c500.00
035 _aB-742242
037 _bएस॰ पी॰ कौशिक इंटरप्राइजेज
082 _a
245 _aदेशभक्ति तथा अन्य कहानियाँ:
_bविश्वंभरनाथ शर्मा कौशिक की श्रेष्ठ कहानियाँ का संकलन/
_cहरनाम शर्मा द्वारा संकलन एव संपादित
250 _a2022
260 _aदिल्ली
_bएस॰ पी॰ कौशिक इंटरप्राइजेज
_c2022
270 _aए-49, भू-तल, गली न॰-6, जगतपुरी एक्सटेंशन
_bदिल्ली
_e110093
_k8851515756
_mspkaushikenterprises@gmail.com
300 _a175 पृ॰
_c22 से॰मी॰ (सजिल्द)
700 _aशर्मा ,हरनाम
942 _2ddc
_cHN
_mदेशभ
_h